Zgadnij jaki to piłkarz #1 - Statystyki

Ogólne statystyki
  • Ten quiz został rozwiązany 1 847 razy
  • Średni wynik to 7 z 15
Statystyki odpowiedzi
Opis Odpowiedź % Poprawnych
Znany Argentyńczyk, strzelił gola na Mistrzostwach Świata ręką co zostało nazwane "Ręką Boga" Diego Maradona
97%
W 2014 roku strzelił jedyną bramkę w finale Mistrzostw Świata odbywających się w Brazylii Mario Gotze
63%
Hiszpański stoper, swoją bramką po rzucie rożnym w finale Ligi Mistrzów posłał zespół z tego samego miasta do "piekła" Sergio Ramos
63%
Napastni znany z gryzienia rywali podczas spotkań. Luis Suarez
61%
Iworyjczyk występujący wiele lat w Londyńskiej Chelsea. Zwycięzca Ligi Mistrzów w 2012r. Didier Drogba
57%
Były zawodnik Arsenalu, swoim transferem do Manchesteru United narobił sobie wielu wrogów. Strzelił piękną bramkę Hiszpanom na Mundialu 2014 Robin Van Persie
50%
Były zawodnik Ajaxu a obecny Napoli. Wyśmiewany w kadrze narodowej za swoją słabą skuteczność Arkadiusz Milik
46%
W półfinale Ligi Mistrzów strzelił 3 bramki Ajaxowi Amsterdam i wprowadził swój klub do wielkiego finału Lucas Moura
46%
Jego nazwiskiem nazwana została nagroda za najpiękniejszą bramkę w danym roku Ferenc Puskas
45%
Został nagrodzony za najpiękniejszą bramkę roku. Strzelił ją przewrotką przeciwko reprezentacji Anglii Zlatan Ibrahimović
43%
Piłkarz z Ameryki Południwej. W swoim CV ma między innymi występy w takich klubach jak Real Madryt, Manchester United czy PSG Angel Di Maria
40%
Środkowy obrońca, który swoją bramką wyeliminował Barcelonę w Ligi Mistrzów seozonu 17/18 Kostas Manolas
29%
Wielokrotny reprezentant Danii i były zawodnik Arsenalu. Nosi przydomek "Lord" Nicklas Bendtner
29%
Zawodnik pochodzenia afrykańskiego, strzelił bramkę Liverpoolowi po słynnym "Ślizgu Gerrarda" Demba Ba
26%
Jego jedyną asystą było podanie do Sergio Aguero dające mistrzostwo Anglii w ostatnim meczu z QPR Mario Balotelli
23%
Nie znaleziono quizów pasujących do podanych kryteriów
Rozkład punktacji
Procent ludzi z każdym wynikiem
Percentyl według liczby udzielonych odpowiedzi
Twoja historia wyników
Nie rozwiązałeś tego quizu